000 00760cam a22002531 4500
001 27260
003 BD-RjUL
005 20211209051131.0
008 140324t1961 pk 001 0 eng d
035 _a(BD-RjUL)27332
035 _a(OCoLC)2352503
040 _aDLC
_cTxU
_dDLC
_dBD-RjUL
_beng
041 _aeng
082 0 4 _a956.102
_bAHT 1961
100 1 _aAhmed, Gulzar.
_983647
245 1 0 _aTurkey :
_brebirth of a nation ; a short history of the Turkish war of independence /
_cby Brigadier gulzar Ahmed.
260 _aKarachi :
_bMaʻAref,
_c1961.
300 _axiv, 206 p. ;
_c22 cm.
504 _aincludes index.
651 0 _aTurkey
_xHistory
_yRevolution, 1918-1923.
_983648
942 _2ddc
_cBK
999 _c27260
_d27260